Eastern Utah Libraries Catalog: Duchesne, Heber, Roosevelt, & Vernal

Shadows of Self / (Record no. 199432)

MARC details
000 -LEADER
fixed length control field 02882nam a22004098i 4500
001 - CONTROL NUMBER
control field BK0016237419
003 - CONTROL NUMBER IDENTIFIER
control field DLC
005 - DATE AND TIME OF LATEST TRANSACTION
control field 20241220163453.0
008 - FIXED-LENGTH DATA ELEMENTS--GENERAL INFORMATION
fixed length control field 150727s2015 nyu 000 1 eng
010 ## - LIBRARY OF CONGRESS CONTROL NUMBER
LC control number 2015028839
020 ## - INTERNATIONAL STANDARD BOOK NUMBER
International Standard Book Number 9780765378552 : HRD
Terms of availability $27.99
020 ## - INTERNATIONAL STANDARD BOOK NUMBER
International Standard Book Number 0765378558 : HRD
Terms of availability $27.99
Cancelled/invalid ISBN 9781466862661 (ebook)
037 ## - SOURCE OF ACQUISITION
Source of stock number/acquisition St Martins Pr, C/O Mps 16365 James Madison Hwy Us Hwy 15, Gordonsville, VA, USA, 22942, (212)6745151
Note SAN 631-5011
040 ## - CATALOGING SOURCE
Original cataloging agency DLC
Language of cataloging eng
Description conventions rda
Transcribing agency DLC
050 00 - LIBRARY OF CONGRESS CALL NUMBER
Classification number PS3619.A533
Item number S53 2015
082 00 - DEWEY DECIMAL CLASSIFICATION NUMBER
Classification number 813/.6
Edition number 23
084 ## - OTHER CLASSIFICATION NUMBER
Classification number FIC009020
Source of number bisacsh
092 ## - LOCALLY ASSIGNED DEWEY CALL NUMBER (OCLC)
Classification number 813.6000
100 1# - MAIN ENTRY--PERSONAL NAME
Personal name Sanderson, Brandon.
9 (RLIN) 53001
245 10 - TITLE STATEMENT
Title Shadows of Self /
Statement of responsibility, etc Brandon Sanderson.
250 ## - EDITION STATEMENT
Edition statement First edition.
260 ## - PUBLICATION, DISTRIBUTION, ETC. (IMPRINT)
Name of publisher, distributor, etc St Martins Pr
Date of publication, distribution, etc 2015
263 ## - PROJECTED PUBLICATION DATE
Projected publication date 1510
264 #1 - Production, Publication, Distribution, Manufacture, and Copyright Notice.
Place of production, publication, distribution, manufacture New York :
Name of producer, publisher, distributor, manufacturer Tor,
Date of production, publication, distribution, manufacture, or copyr 2015.
300 ## - PHYSICAL DESCRIPTION
Extent 336 p. ;
336 ## - Content Type
Content type term text
337 ## - Media type
Media type term unmediated
338 ## - Carrier type
Carrier type term volume
490 0# - SERIES STATEMENT
Series statement Mistborn ;
Volume number/sequential designation 5
500 ## - GENERAL NOTE
General note "A Tom Doherty Associates book."
520 ## - SUMMARY, ETC.
Summary, etc "The #1 New York Times bestselling author returns to the world of Mistborn with his first novel in the series since The Alloy of Law. With The Alloy of Law, Brandon Sanderson surprised readers with a New York Times bestselling spinoff of his Mistborn books, set after the action of the trilogy, in a period corresponding to late 19th-century America.The trilogy's heroes are now figures of myth and legend, even objects of religious veneration. They are succeeded by wonderful new characters, chief among themWaxillium Ladrian, known as Wax, hereditary Lord of House Ladrian but also, until recently, a lawman in the ungoverned frontier region known as the Roughs. There he worked with his eccentric but effective buddy, Wayne. They are "twinborn," meaning they are able to use both Allomantic and Feruchemical magic. Shadows of Self shows Mistborn's society evolving as technology and magic mix, the economy grows, democracy contends with corruption, and religion becomes a growing cultural force, with four faiths competing for converts. This bustling, optimistic, but still shaky society now faces its first instance of terrorism, crimes intended to stir up labor strife and religious conflict. Wax and Wayne, assisted by the lovely, brilliant Marasi, must unravel the conspiracy before civil strife stops Scadrial's progress in its tracks. Shadows of Self will give fans of The Alloy of Law everything they've been hoping for and, this being a Brandon Sanderson book, more, much more"--
-- Provided by publisher.
650 #0 - SUBJECT ADDED ENTRY--TOPICAL TERM
Topical term or geographic name as entry element Magic
Form subdivision Fiction.
9 (RLIN) 5673694
650 #0 - SUBJECT ADDED ENTRY--TOPICAL TERM
Topical term or geographic name as entry element Imaginary places
Form subdivision Fiction.
9 (RLIN) 5676147
650 #7 - SUBJECT ADDED ENTRY--TOPICAL TERM
Topical term or geographic name as entry element FICTION / Fantasy / Epic.
Source of heading or term bisacsh
9 (RLIN) 5686089
655 #7 - INDEX TERM--GENRE/FORM
Genre/form data or focus term Fantasy fiction.
Source of term gsafd
856 42 - ELECTRONIC LOCATION AND ACCESS
Materials specified Cover image
Uniform Resource Identifier <a href="http://www.netread.com/jcusers2/bk1388/552/9780765378552/image/lgcover.9780765378552.jpg">http://www.netread.com/jcusers2/bk1388/552/9780765378552/image/lgcover.9780765378552.jpg</a>
Holdings
Withdrawn status Lost status Source of classification or shelving scheme Damaged status Not for loan Collection code Home library Current library Shelving location Date acquired Source of acquisition Serial Enumeration / chronology Total Checkouts Total Renewals Full call number Barcode Date last seen Date checked out Cost, replacement price Price effective from Koha item type
    Dewey Decimal Classification     Fiction Wasatch County Library Wasatch County Library First Floor 02/08/2024 Amazon #5 Mistborn 9 6 F Sanderson 34301002065417 03/09/2026 02/10/2026 17.79 02/08/2024 BOOK
This project was made possible through a grant from the Institute of Museum and Library Service administered by the Utah State Library Division.

Wasatch County Library

  • 465 East 1200 South, Heber City, Utah 84032
  • Phone 435-654-1511 | Fax 435-654-6456

Hours

  • Monday - Friday 9:30 AM - 8:00 PM
  • Saturday 9:30 AM - 1:30 PM
  • Closed Sundays and Holidays